000 00876nam a22002537a 4500
005 20170124105927.0
010 _aB-127904
020 _a780761932772
_c280.00
035 _aB-127904
037 _bCen Lib/Ret
040 _aDPL
_bEN
082 _a383.72
_bUND
245 _aUnderstanding environment /
_cedited by Kiran B.Chhokar;Mamta Pandya [and] Meena Raghunathan
260 _aNew Delhi
_bSage publications
_c2004
270 _aB-42,Panchsheel enclave
_bNew Delhi
_e110017
300 _a331p.
_c23cm(pbk)
500 _aIncludes index
650 _aEnvironmental sciences-study and teaching (Higher) -India
_974141
650 _aEnvironmental education - study and teaching (Higher) -India
_974142
700 _aChhokar,Kiran B.
_974143
700 _aPandya,Mamata
_974144
700 _aRaghunathan,Meena
_97111
942 _2ddc
_cEN
_h383.72
_mUND
999 _c123596
_d123596